<?xml version="1.0" encoding="UTF-8"?>
<record
    xmlns:xsi="http://www.w3.org/2001/XMLSchema-instance"
    xsi:schemaLocation="http://www.loc.gov/MARC21/slim http://www.loc.gov/standards/marcxml/schema/MARC21slim.xsd"
    xmlns="http://www.loc.gov/MARC21/slim">

  <leader>02387cam a2200361Ii 4500</leader>
  <controlfield tag="001">52316890</controlfield>
  <controlfield tag="003">OCoLC</controlfield>
  <controlfield tag="005">20250306041640.0</controlfield>
  <controlfield tag="008">040302s2003    tnua     b    000 0 eng d</controlfield>
  <datafield tag="010" ind1=" " ind2=" ">
    <subfield code="a">2004297142</subfield>
  </datafield>
  <datafield tag="020" ind1=" " ind2=" ">
    <subfield code="a">080542623X</subfield>
  </datafield>
  <datafield tag="020" ind1=" " ind2=" ">
    <subfield code="a">9780805426236</subfield>
  </datafield>
  <datafield tag="035" ind1=" " ind2=" ">
    <subfield code="a">(OCoLC)52316890</subfield>
  </datafield>
  <datafield tag="040" ind1=" " ind2=" ">
    <subfield code="a">TNE</subfield>
    <subfield code="b">eng</subfield>
    <subfield code="e">rda</subfield>
    <subfield code="c">TNE</subfield>
    <subfield code="d">OCLCQ</subfield>
    <subfield code="d">FIN</subfield>
  </datafield>
  <datafield tag="042" ind1=" " ind2=" ">
    <subfield code="a">lccopycat</subfield>
  </datafield>
  <datafield tag="050" ind1="0" ind2="0">
    <subfield code="a">251</subfield>
    <subfield code="b">Y61P</subfield>
  </datafield>
  <datafield tag="082" ind1="0" ind2="0">
    <subfield code="a">251</subfield>
    <subfield code="2">22</subfield>
    <subfield code="b">Y61P</subfield>
  </datafield>
  <datafield tag="090" ind1=" " ind2=" ">
    <subfield code="a">BV4211.2</subfield>
    <subfield code="b">.Y67 2003</subfield>
  </datafield>
  <datafield tag="100" ind1="1" ind2=" ">
    <subfield code="a">York, Hershael W.,</subfield>
    <subfield code="d">1960-</subfield>
    <subfield code="0">https://id.loc.gov/authorities/names/n00098714</subfield>
    <subfield code="9">458</subfield>
  </datafield>
  <datafield tag="245" ind1="1" ind2="0">
    <subfield code="a">Preaching with bold assurance :</subfield>
    <subfield code="b">a solid and enduring approach to engaging exposition /</subfield>
    <subfield code="c">Herschael W. York and Bert Decker.</subfield>
  </datafield>
  <datafield tag="246" ind1="1" ind2=" ">
    <subfield code="i">At head of title:</subfield>
    <subfield code="a">Bold assurance</subfield>
  </datafield>
  <datafield tag="264" ind1=" " ind2="1">
    <subfield code="a">Nashville, TN :</subfield>
    <subfield code="b">Broadman &amp; Holman,</subfield>
    <subfield code="c">2003.</subfield>
  </datafield>
  <datafield tag="300" ind1=" " ind2=" ">
    <subfield code="a">xii, 275 pages :</subfield>
    <subfield code="b">illustrations ;</subfield>
    <subfield code="c">24 cm</subfield>
  </datafield>
  <datafield tag="336" ind1=" " ind2=" ">
    <subfield code="a">text</subfield>
    <subfield code="b">txt</subfield>
    <subfield code="2">rdacontent</subfield>
  </datafield>
  <datafield tag="337" ind1=" " ind2=" ">
    <subfield code="a">unmediated</subfield>
    <subfield code="b">n</subfield>
    <subfield code="2">rdamedia</subfield>
  </datafield>
  <datafield tag="338" ind1=" " ind2=" ">
    <subfield code="a">volume</subfield>
    <subfield code="b">nc</subfield>
    <subfield code="2">rdacarrier</subfield>
  </datafield>
  <datafield tag="504" ind1=" " ind2=" ">
    <subfield code="a">Includes bibliographical references (pages 263-265).</subfield>
  </datafield>
  <datafield tag="505" ind1="0" ind2="0">
    <subfield code="t">The privilege of preaching --</subfield>
    <subfield code="t">The goal of preaching --</subfield>
    <subfield code="t">The commitments expositors must make --</subfield>
    <subfield code="t">Approaching the text --</subfield>
    <subfield code="t">Moving toward the sermon --</subfield>
    <subfield code="t">Building a sermon with the Decker Grid System --</subfield>
    <subfield code="t">Building sermons to change lives --</subfield>
    <subfield code="t">Illustrating the sermon --</subfield>
    <subfield code="t">Introducing the sermon --</subfield>
    <subfield code="t">Concluding the sermon --</subfield>
    <subfield code="t">Building trust in the messenger --</subfield>
    <subfield code="t">The victory of the visual --</subfield>
    <subfield code="t">The essence of energy --</subfield>
    <subfield code="t">The behavioral skills.</subfield>
  </datafield>
  <datafield tag="520" ind1=" " ind2=" ">
    <subfield code="a">"Preachers are under the biblical mandate to preach with conviction, passion, and in a way that the Word of God engages the audience and grips their hearts. Hershael York and Bert Decker have written a book that will equip preachers to do just that. Preaching with Bold Assurance brings the Bold Assurance concept to the pulpit, giving preachers a practical tool to help them use their minds, mouths, and beings to communicate effectively. Preachers will learn the tools for powerful and effective communication based on biblical truth and proven concepts from the business world so they can preach boldly and skillfully by understanding how God uses us as communicators."--Publisher.</subfield>
  </datafield>
  <datafield tag="650" ind1=" " ind2="0">
    <subfield code="a">Preaching.</subfield>
    <subfield code="0">https://id.loc.gov/authorities/subjects/sh85106171</subfield>
    <subfield code="9">308</subfield>
  </datafield>
  <datafield tag="700" ind1="1" ind2=" ">
    <subfield code="a">Decker, Bert.</subfield>
    <subfield code="0">https://id.loc.gov/authorities/names/n85385940</subfield>
    <subfield code="9">459</subfield>
  </datafield>
  <datafield tag="942" ind1=" " ind2=" ">
    <subfield code="2">ddc</subfield>
    <subfield code="c">BK</subfield>
  </datafield>
  <datafield tag="999" ind1=" " ind2=" ">
    <subfield code="c">11316</subfield>
    <subfield code="d">11316</subfield>
  </datafield>
  <datafield tag="952" ind1=" " ind2=" ">
    <subfield code="0">0</subfield>
    <subfield code="1">0</subfield>
    <subfield code="2">ddc</subfield>
    <subfield code="4">0</subfield>
    <subfield code="7">0</subfield>
    <subfield code="8">NFIC</subfield>
    <subfield code="a">HMC</subfield>
    <subfield code="b">HMC</subfield>
    <subfield code="c">GEN</subfield>
    <subfield code="d">2025-03-06</subfield>
    <subfield code="l">0</subfield>
    <subfield code="o">251 Y61P</subfield>
    <subfield code="p">013271</subfield>
    <subfield code="r">2025-03-06 04:17:24</subfield>
    <subfield code="w">2025-03-06</subfield>
    <subfield code="y">BK</subfield>
  </datafield>
</record>
